السمات النحوية للعربية / (رقم التسجيلة. 125396)

تفاصيل مارك
000 -الفاتح
عناصر البيانات ثابتة الطول 00864cam a2200217 i 4500
005 - تاريخ ووقت آخر معاملة
حقل ضبط 20260420134123.0
008 - عناصر البيانات ثابتة الطول
عناصر البيانات ثابتة الطول 250721s2010 su gr 000 0 ara d
020 ## - الترقيم الدولي المعياري للكتب (ردمك)
الترقيم الدولي المعياري للكتب (ردمك) 9789960039121
082 14 - رقم تصنيف ديوي العشري
رقم التصنيف 415.1
رقم المادة ر ف ا
100 1# - مدخل رئيسي – اسم شخصي
الاسم الشخصي الرفاعي، محمد عبد العزيز
علاقة الشخص بالعمل/ دوره المؤلف.
245 12 - بيان العنوان
العنوان السمات النحوية للعربية /
بيان المسؤولية تأليف أ.د محمد عبدالعزيز عبدالدايم الرفاعي.
250 ## - بيان الطبعة
بيان الطبعة الطبعة الأولى.
264 31 - بيانات النشر، التوزيع…إلخ
مكان النشر، التوزيع...إلخ الرياض :
اسم الناشر، الموزع...إلخ جامعة أم القرى،
تاريخ النشر، التوزيع...إلخ 2010.
300 ## - الوصف المادي
عدد الوحدات المكونة للوعاء 302 صفحة.
490 1# - بيان السلسلة
عنوان السلسلة سلسة بحوث اللغة العربية وآدابها.
650 17 - مدخل إضافي بالموضوع - مصطلح موضوعي
مصطلح موضوعي أو اسم جغرافي كعنصر مدخل قواعد اللغة.
650 17 - مدخل إضافي بالموضوع - مصطلح موضوعي
مصطلح موضوعي أو اسم جغرافي كعنصر مدخل اللغة العربية.
830 #0 - مدخل إضافي بالسلسلة-عنوان مقنن
عنوان السلسسلة سلسة بحوث اللغة العربية وآدابها.
942 ## - بيانات إضافية (كوها)
نوع التنصيف Dewey Decimal Classification
نوع المادة (كوها) كتب
المقتنيات
حالة السحب حالة الفقدان مصدر التصنيف حالة التلف غير قابل للإعارة المكتبة الرئيسية المكتبة الحالية موقع الرف تاريخ التزويد الرقم المتسلسل Total Checkouts رقم الإستدعاء الباركود تاريخ آخر ظهور تاريخ الفاتورة نوع المادة (كوها)
    Dewey Decimal Classification     المكتبة المركزية المكتبة المركزية الإعارة 28/07/2025 1526047   415.1 / ر ف ا PLD00251501 28/07/2025 28/07/2025 كتب
    Dewey Decimal Classification     مكتبة حمزة العامة مكتبة حمزة العامة الإعارة 28/05/2012 1526048   415.1/رفا PLD00251585 28/07/2025 28/05/2012 كتب
Implemented & Customized by: BBB with SCIT (Smart Chains for Information Technology)

Powered by Koha